Statistics for Red Sea Countries with an Empty Map

Click here to take the quiz!

General Stats

  • This quiz has been taken 769 times
    (764 since last reset)
  • The average score is 8 of 8

Answers on the Map

Answers color-coded by a green-red scale on the quiz's map according to % correct below.
 

Answer Stats

Countries% Correct
Egypt
100%
Saudi Arabia
99%
Yemen
99%
Sudan
98%
Eritrea
96%
Israel
96%
Jordan
95%
Djibouti
92%

Score Distribution

Percentile by Number Answered

Percent of People with Each Score

Your Score History

You have not taken this quiz since the last reset